1739 1276 1579 1234 1350 1001 1692 1307 1140 1901 1601 1014 1462 1648 1263 1224 1829 1405 1794 1983 1562 1555 1362 1395 1710 1295 1498 1731 1305 1257 1725 1570 1984 1962 1616 1922 1927 1431 1338 1792 1122 1359 1397 1582 1468 1270 1322 1747 1817 1082 1651 1610 1480 1867 1868 1867 1746 1612 1316 1845 1033 1977 1956 1661 1431 1203 1748 1660 1854 1046 1185 1712 1139 1074 1518 1239 1034 1907 1940 1762 1310 1453 1778 1285 1640 1353 1246 1757 1389 1842 1750 1458 1298 1774 1933 1608 1500 1301 1174 BCNSPRNW ULIB Ver.6.0+V

เปลี่ยนเป็นภาษาไทย

Change to English
 แสดงรายละเอียดบรรณานุกรม
  กลับหน้าหลัก

Brief Record : Get Marc (ISO 2709) : E-mail record : QR code < ปิดหน้าต่าง
LEADER : 00000nam 2200000uu 4500
001    13399111521
003     ULIB
008    110628s||||||||th 000 0 tha d
020    9749273443
020    9789749273449
050  4 BQ4302^bม862ก ล.2 2548
100 0  บูรพา ผดุงไทย
245 10 เกิดแต่กรรม 2 กับแม่ชีธนพร(ทศพร)/^cบูรพา ผดุงไทย
250    พิมพ์ครั้งที่ 7
260    กรุงเทพฯ :^bมีเดียอ๊อฟมีเดียส์,^c 2548
300    160 หน้า^bภาพประกอบสี
650  7 กรรม
945    ^p160^l0^i022917
995    ทศพร
999 ^a ใช้งานได้ทุกระบบ
รายการนี้ยังไม่มีแท็ก
คุณยังไม่ได้ล็อกอิน คุณสามารถมีกิจกรรมร่วมกับเว็บไซต์ได้ แต่ต้องล็อกอินก่อน ::
  ล็อกอิน

รายการสื่อสารสนเทศ

ลำดับที่ ประเภท เลขเรียก/บาร์โค้ด สถานที่ สถานะ
- ไม่พบข้อมูล -

รายการใกล้เคียง
    ผู้แต่ง [บูรพา ผดุงไทย]

    หัวเรื่อง [กรรม]

BibComment


ยังไม่เคยถูกคอมเมนท์

คอมเมนท์ทรัพยากรรายการนี้
  คอมเมนท์: เกิดแต่กรรม 2 กับ..


 Copyright 2026. Bcnsprnw @Library